Annals of Library and Information Studies (Record no. 52076)

MARC details
000 -LEADER
fixed length control field 00482nam a2200145Ia 4500
008 - FIXED-LENGTH DATA ELEMENTS--GENERAL INFORMATION
fixed length control field 220530s9999 xx 000 0 und d
020 ## - INTERNATIONAL STANDARD BOOK NUMBER
International Standard Book Number 9725423
041 ## - LANGUAGE CODE
Language code of text/sound track or separate title eng
082 ## - DEWEY DECIMAL CLASSIFICATION NUMBER
Classification number 020:050
Item number ANA
100 ## - MAIN ENTRY--PERSONAL NAME
Personal name Arora, Renu ( Editor)
9 (RLIN) 57737
245 ## - TITLE STATEMENT
Title Annals of Library and Information Studies
260 ## - PUBLICATION, DISTRIBUTION, ETC. (IMPRINT)
Place of publication, distribution, etc. New Delhi
Name of publisher, distributor, etc. National Institute of Science Communication and Information Resources
Date of publication, distribution, etc. 2012
300 ## - PHYSICAL DESCRIPTION
Extent 364P. +292 P.
Other physical details Vol.58 No. 1-2 & 4-5 Vo. 59, No. 1 to 4
-- HB
906 ## - LOCAL DATA ELEMENT F, LDF (RLIN)
a 0
Holdings
Withdrawn status Lost status Damaged status Not for loan Home library Current library Date acquired Vendor Total Checkouts Full call number Barcode Date last seen Bill Date Koha item type Original Barcode
        Cummins College of Engineering for Women Nagpur Cummins College of Engineering for Women Nagpur 21/07/2014 Laxmi Art & Binding Works   020:050/ANA/ CEWN-BV-64 30/05/2022 30/05/2022 Bound Volume J00064
        Cummins College of Engineering for Women Nagpur Cummins College of Engineering for Women Nagpur 07/10/2015 Laxmi Art & Binding Works   020:050/MAH/ CEWN-BV-221 30/05/2022 30/05/2022 Bound Volume J00221
        Cummins College of Engineering for Women Nagpur Cummins College of Engineering for Women Nagpur 07/10/2015 Laxmi Art & Binding Works   020:050/MAH/ CEWN-BV-222 30/05/2022 30/05/2022 Bound Volume J00222